• 首页
  • 本馆介绍
  • 公告通知
  • 最新文献
  • 馆藏检索
  • 电子资源
  • 读者荐购
  • 参考咨询
  • CALIS
  • 我的图书馆
  • 登录
  • 详细信息显示
  • 放入我的书架
  • 预约/预借图书
  • 作者相关作品
  • 分类相关作品
  • 丛书相关作品
  • 出版社相关作品

书目信息

  • 表格格式
  • 工作单格式
  • 卡片格式
题名:
历史学家茶座
    
 
作者: 王兆成 主编
分册: 总第十六辑(2009第二辑)  
出版信息: 济南   山东人民出版社  2009.04
页数: 160页
开本: 24cm
丛书名:
单 册:
中图分类: K107-55 , K207-55
科图分类:
主题词: 世界史--shi jie shi--研究--丛刊
电子资源:
ISBN: 978-7-209-04789-0
 
 
 
 
 
000 00951nam0 2200277 450
001 012009942568
005 20091128165531.65
010    @a978-7-209-04789-0@dCNY14.00
100    @a20091128d2009 em y0chiy0120 ea
101 0  @achi
102    @aCN@b370000
105    @aac z 000yy
106    @ar
200 1  @a历史学家茶座@Ali shi xue jia cha zuo@d= Teahouse for historians@h总第十六辑(2009第二辑)@zeng
210    @a济南@c山东人民出版社@d2009.04
215    @a160页@c图, 肖像@d24cm
314    @a责任者取自封面
330    @a本书主要内容讲述了:本书分学坛述往、人物春秋、公私档案、读史偶记、域外新知等栏目。郑会欣:蒋介石与雅尔塔协定等。
510 1  @aTeahouse for historians@zeng
606 0  @a世界史@Ashi jie shi@x研究@j丛刊
607    @a中国@Azhong guo@x历史@x研究@j丛刊
690    @aK107-55@v4
690    @aK207-55@v4
701  0 @a王兆成@Awang zhao cheng@4主编
801  0 @aCN@bQSSK@c20091128
905    @b767621-23@dK107-55@eW450:16@f3
    
    历史学家茶座= Teahouse for historians.总第十六辑(2009第二辑).-济南:山东人民出版社,2009.04
    160页:图, 肖像;24cm
    
    
    ISBN 978-7-209-04789-0:CNY14.00
    本书主要内容讲述了:本书分学坛述往、人物春秋、公私档案、读史偶记、域外新知等栏目。郑会欣:蒋介石与雅尔塔协定等。
●
相关链接 在E读中查询图书 在当当中查询图书 在豆瓣中查询图书


正题名:历史学家茶座     索取号:K107-55/W450:16         预约/预借

序号 登录号 条形码 馆藏地/架位号 状态 备注
1 767621   207676219   社科库309/309社科库 104排1列5层/ [索取号:K107-55/W450:16] 在馆    
2 767622   207676228   社科库309/309社科库 104排1列5层/ [索取号:K107-55/W450:16] 在馆    
3 767623   207676237   自科二线404/400A自科库 9排3列4层/ [索取号:K107-55/W450:16] 在馆    
河南城建学院图书馆 欢迎您!
大连网信软件有限公司© 版权所有